00697 2200241 4500001002100000005001500021035002000036007000300056008004100059020002200100082001100122084001700133100002500150245013100175250000900306260003000315300003700345650001900382700002400401990001000425990001000435990001000445INLIS00000000001116720240314093128 a0010-0324000008ta240314 g 0 ind  a978-623-88100-2-4 a155.42 a155.42 FRA a0 aFransisca Kumalasari1 aAda apa dibalik emosi balita :btepat memahami buah hati untuk pengasuhan lebih baik /cFransisca Kumalasari, M.Psi., Psikolog aed.1 ayogyakarta :bAndi,c2022 axii+196 hlm :bilus. ;c15x21 cm 4aPsikologi Anak0 aRininta Meyftanoria a55882 a55880 a55881